000 00691nam a2200265Ia 4500
005 20260121172809.0
008 008 260114s9999 xx 000 0 eng d
020 _a9789811647291
037 _aEBOOK
040 _aCRL
040 _beng
040 _cCRL
041 _2eng
041 _aeng
084 _qCRL
100 _aSanjiv Sharma, Valiur Rahaman, G. R. Sinha
_91092846
245 0 _aBig Data Analytics in Cognitive Social Media and Literary Texts
260 _bSpringer
260 _bSpringer
260 _c2021
856 _uhttps://link.springer.com/openurl?genre=book&isbn=978-981-16-4729-1
942 _cEBOOK
999 _c1658586
_d1658586